[Event "Berlin Werner Ott op"]
[Site "Berlin"]
[Date "2019.06.26"]
[Round "5"]
[White "Ukkelberg, Oyvind"]
[Black "Solberg, Joachim Krokvik"]
[Result "1/2-1/2"]
[WhiteElo "1910"]
[BlackElo "2170"]
[PlyCount "23"]
[EventDate "2019.06.22"]
[EventType "swiss"]
[EventRounds "9"]
[EventCountry "GER"]
[SourceTitle "EXT 2022"]
[Source "ChessBase"]
[SourceDate "2021.10.06"]
[SourceVersion "1"]
[SourceVersionDate "2021.10.06"]
[SourceQuality "1"]

1. e4 c5 2. Nf3 e6 3. d3 d5 4. Nbd2 Nc6 5. g3 Bd6 6. Bg2 Nge7 7. 0-0 0-0 8. b3 d4 9. Nh4 Bd7 10. f4 f5 11. Re1 Rc8 12. exf5 1/2-1/2

[Event "Levanger Grand Prix A"]
[Site "Levanger"]
[Date "2018.09.08"]
[Round "4"]
[White "Soderstrom, Adrian"]
[Black "Ukkelberg, Oyvind"]
[Result "1-0"]
[WhiteElo "2007"]
[BlackElo "1925"]
[PlyCount "87"]
[EventDate "2018.09.07"]
[EventType "swiss"]
[EventRounds "7"]
[EventCountry "NOR"]
[SourceTitle "EXT 2024"]
[Source "ChessBase"]
[SourceDate "2023.10.10"]
[SourceVersion "1"]
[SourceVersionDate "2023.10.10"]
[SourceQuality "1"]

1. d4 d6 2. c4 e5 3. Nf3 Nd7 4. Nc3 Ngf6 5. e4 Be7 6. Be2 0-0 7. 0-0 Re8 8. Qc2 c6 9. Rd1 Qc7 10. b4 Bf8 11. b5 exd4 12. Nxd4 Nc5 13. f3 Bd7 14. a4 a5 15. Bg5 Ne6 16. Be3 Nc5 17. Rab1 d5 18. bxc6 bxc6 19. cxd5 Bd6 20. h3 Bh2+ 21. Kh1 Nh5 22. g4 Bf4 23. Bf2 Bg3 24. Bg1 Nf4 25. dxc6 Bxc6 26. Nxc6 Qxc6 27. Bb5 Qh6 28. Bh2 Bxh2 29. Qxh2 Nxh3 30. Bxe8 Nf2+ 31. Kg1 Qxh2+ 32. Kxh2 Nxd1 33. Bxf7+ Kxf7 34. Rxd1 Ne6 35. Rd5 Rc8 36. Nb5 Kf6 37. Kg3 Rc4 38. Rd7 Rxa4 39. Nd6 Ra2 40. Ne8+ Kg6 41. Re7 Ng5 42. Rxg7+ Kh6 43. Ra7 Ra3 44. Ra6+ 1-0

[Event "Helsingor Xtracon op"]
[Site "Helsingor"]
[Date "2017.07.24"]
[Round "4"]
[White "Ukkelberg, Oyvind"]
[Black "Matthiesen, Martin"]
[Result "0-1"]
[WhiteElo "1933"]
[BlackElo "2349"]
[PlyCount "64"]
[EventDate "2017.07.22"]
[EventType "swiss"]
[EventRounds "10"]
[EventCountry "DEN"]
[SourceTitle "CBM 179 Extra"]
[Source "ChessBase"]
[SourceDate "2017.08.23"]
[SourceVersion "1"]
[SourceVersionDate "2017.08.23"]
[SourceQuality "1"]

1. e4 e6 2. Qe2 c5 3. Nf3 Nc6 4. g3 g6 5. Bg2 Bg7 6. d3 Nge7 7. c3 0-0 8. h4 e5 9. h5 d6 10. hxg6 hxg6 11. Bg5 f6 12. Be3 Be6 13. Nbd2 Qd7 14. Qf1 b6 15. Bh3 d5 16. Bxe6+ Qxe6 17. Qg2 d4 18. Bh6 dxc3 19. bxc3 Rad8 20. Ke2 Qd7 21. Ne1 Bxh6 22. Rxh6 Kg7 23. Rh4 b5 24. a3 a5 25. Qh3 Qxh3 26. Rxh3 b4 27. Nb3 bxc3 28. Nxc5 Nd4+ 29. Ke3 Rb8 30. Na4 c2 31. Rh1 Rb1 32. Nf3 Rxa1 0-1

[Event "Helsingor Xtracon op"]
[Site "Helsingor"]
[Date "2017.07.23"]
[Round "3"]
[White "Ukkelberg, Oyvind"]
[Black "Papp, Petra"]
[Result "1/2-1/2"]
[WhiteElo "1933"]
[BlackElo "2337"]
[PlyCount "66"]
[EventDate "2017.07.22"]
[EventType "swiss"]
[EventRounds "10"]
[EventCountry "DEN"]
[SourceTitle "CBM 179 Extra"]
[Source "ChessBase"]
[SourceDate "2017.08.23"]
[SourceVersion "1"]
[SourceVersionDate "2017.08.23"]
[SourceQuality "1"]

1. e4 c5 2. c3 d5 3. exd5 Qxd5 4. d4 Nf6 5. Nf3 Bg4 6. Be2 e6 7. 0-0 Nc6 8. Be3 cxd4 9. Nxd4 Bxe2 10. Qxe2 Nxd4 11. Bxd4 Be7 12. Nd2 0-0 13. Nf3 Qh5 14. Qe5 Qxe5 15. Nxe5 Rfd8 16. a4 Nd5 17. Nd3 f6 18. f4 b6 19. Rae1 Kf7 20. Re2 Rac8 21. Rfe1 Rc6 22. g3 Rd7 23. Kg2 Bf8 24. Rd2 Bd6 25. Nf2 Bf8 26. Nd3 Rcd6 27. Kf3 Nc7 28. Red1 Nd5 29. Bf2 g6 30. Ne1 Rc6 31. Nc2 Be7 32. Be1 Rcd6 33. Re2 Nc7 1/2-1/2

[Event "Helsingor Xtracon op"]
[Site "Helsingor"]
[Date "2016.07.24"]
[Round "3"]
[White "Palozza, Flavio"]
[Black "Ukkelberg, Oyvind"]
[Result "0-1"]
[WhiteElo "1342"]
[BlackElo "1956"]
[PlyCount "84"]
[EventDate "2016.07.23"]
[EventType "swiss"]
[EventRounds "10"]
[EventCountry "DEN"]
[SourceTitle "CBM 173 Extra"]
[Source "ChessBase"]
[SourceDate "2016.08.29"]
[SourceVersion "1"]
[SourceVersionDate "2016.08.29"]
[SourceQuality "1"]

1. e4 g6 2. d4 Bg7 3. Nf3 d6 4. Nc3 a6 5. g3 Bg4 6. Bg2 Nc6 7. Be3 e5 8. d5 Nce7 9. Ne2 Qd7 10. 0-0 Nf6 11. Nc3 h5 12. h4 Bh3 13. Qd2 Bxg2 14. Kxg2 Ng4 15. Bg5 f6 16. Be3 0-0 17. Ng1 Kh7 18. f3 Nxe3+ 19. Qxe3 Bh6 20. Qf2 f5 21. Qe1 Rf7 22. Nh3 Raf8 23. exf5 Nxf5 24. Ne4 Ne3+ 25. Kh2 Nxf1+ 26. Qxf1 Kg7 27. Nhg5 Bxg5 28. Nxg5 Rf6 29. Ne6+ Rxe6 30. dxe6 Qxe6 31. b3 Qd5 32. Kg2 e4 33. f4 e3+ 34. Kh2 Qd2+ 35. Kh1 e2 36. Qc1 Qc3 37. Kg2 Re8 38. Kf2 e1Q+ 39. Qxe1 Rxe1 40. Rxe1 Qxc2+ 41. Re2 Qc5+ 42. Re3 Kf6 0-1

[Event "Arctic Chess Challenge"]
[Site "Tromsoe"]
[Date "2010.08.06"]
[Round "7"]
[White "Ramondino, Renzo"]
[Black "Ukkelberg, Oyvind"]
[Result "1/2-1/2"]
[WhiteElo "2289"]
[BlackElo "1971"]
[PlyCount "46"]
[EventDate "2010.07.31"]
[EventType "swiss"]
[EventRounds "9"]
[EventCountry "NOR"]
[SourceTitle "CBM 137 Extra"]
[Source "ChessBase"]
[SourceDate "2010.09.01"]
[SourceVersion "1"]
[SourceVersionDate "2010.09.01"]
[SourceQuality "1"]

1. e4 c5 2. Nf3 e6 3. d4 cxd4 4. Nxd4 a6 5. Bd3 Ne7 6. 0-0 Nbc6 7. Nb3 d5 8. Nc3 Ng6 9. exd5 exd5 10. Re1+ Be7 11. Qh5 d4 12. Nd5 0-0 13. Nxe7+ Ncxe7 14. Bg5 f6 15. Bd2 Nc6 16. f4 f5 17. Rad1 Qd6 18. Bc4+ Kh8 19. Qf3 b5 20. Bd5 Nh4 21. Qg3 Qxd5 22. Qxh4 Bb7 23. Qg3 Rae8 1/2-1/2

[Event "Arctic Chess Challenge"]
[Site "Tromsoe"]
[Date "2010.08.04"]
[Round "5"]
[White "Gullaksen, Eirik Tvedt"]
[Black "Ukkelberg, Oyvind"]
[Result "1-0"]
[WhiteElo "2395"]
[BlackElo "1971"]
[PlyCount "49"]
[EventDate "2010.07.31"]
[EventType "swiss"]
[EventRounds "9"]
[EventCountry "NOR"]
[SourceTitle "CBM 137 Extra"]
[Source "ChessBase"]
[SourceDate "2010.09.01"]
[SourceVersion "1"]
[SourceVersionDate "2010.09.01"]
[SourceQuality "1"]

1. e4 c5 2. Nf3 e6 3. d3 Nc6 4. g3 d6 5. Bg2 g6 6. 0-0 Bg7 7. c3 e5 8. Be3 Nf6 9. h3 0-0 10. Nbd2 b6 11. d4 cxd4 12. cxd4 Bb7 13. d5 Ne7 14. g4 h5 15. Ng5 hxg4 16. hxg4 Qd7 17. Bf3 Bc8 18. Rc1 Ba6 19. Re1 Rac8 20. Nf1 Qb5 21. Qd2 Qd3 22. Qb4 Rxc1 23. Bxc1 Rc8 24. Qxd6 Bh6 25. Qxf6 1-0